00393pab a2200145 454500008004000000100001400040245006800054260000900122300001400131362000800145650001200153700001400165700001600179773005200195180718b2003 xxu||||| |||| 00| 0 eng d aNandy, S. aForest canopy density stratification using biophysical modeling c2003 ap.291-97. aDec aForests aDas, K.K. aJoshi, P.K. aJournal of the Indian Society of Remote Sensing